Анализ термодинамики процесса дегидрирования углеводородов C10-C14 с использованием квантово-химических методов расчёта; Перспективы развития фундаментальных наук; Т. 1

מידע ביבליוגרפי
Parent link:Перспективы развития фундаментальных наук: труды VI Международной конференции студентов и молодых ученых, Томск, 26 - 29 мая 2009 г./ Томский политехнический университет (ТПУ) ; под ред. Г. А. Вороновой.— , 2009.— 978-5-98298-544-6
Т. 1.— 2009.— С. 418-421
מחבר ראשי: Францина Е. В. Евгения Владимировна
מחברים אחרים: Афанасьева Ю. И. Юлия Ивановна (научный руководитель), Максимова Е. А., Ивашкина Е. Н.
שפה:רוסית
יצא לאור: 2009
נושאים:
פורמט: Book Chapter
KOHA link:https://koha.lib.tpu.ru/cgi-bin/koha/opac-detail.pl?biblionumber=199845

MARC

LEADER 00000naa2a2200000 4500
001 199845
005 20231226134239.0
035 |a (RuTPU)RU\TPU\book\217900 
090 |a 199845 
100 |a 20110826d2009 k y0rusy50 ca 
101 0 |a rus 
102 |a RU 
200 1 |a Анализ термодинамики процесса дегидрирования углеводородов C10-C14 с использованием квантово-химических методов расчёта  |f Е. В. Францина, Ю. И. Афанасьева, Е. А. Максимова  |g науч. рук. Е. Н. Ивашкина 
320 |a Библиогр.: 2 назв. 
461 1 |0 (RuTPU)RU\TPU\book\209177  |y 978-5-98298-544-6  |t Перспективы развития фундаментальных наук   |o труды VI Международной конференции студентов и молодых ученых, Томск, 26 - 29 мая 2009 г.  |o в 2 т.  |f Томский политехнический университет (ТПУ) ; под ред. Г. А. Вороновой  |d 2009 
463 0 |0 (RuTPU)RU\TPU\book\208765  |y 978-5-98298-546-0  |t Т. 1  |v С. 418-421  |d 2009  |p 542 с. 
610 1 |a термодинамика 
610 1 |a дегидрирование 
610 1 |a углеводороды 
610 1 |a расчёты 
610 1 |a квантово-химические методы 
610 1 |a анализ 
610 1 |a труды учёных ТПУ 
700 1 |a Францина  |b Е. В.  |c химик-технолог  |c доцент Томского политехнического университета, кандидат технических наук  |f 1985-  |g Евгения Владимировна  |3 (RuTPU)RU\TPU\pers\25034  |9 11167 
701 1 |a Афанасьева  |b Ю. И.  |c химик-технололог  |c магистрант Томского политехнического университета  |f 1988-  |g Юлия Ивановна  |3 (RuTPU)RU\TPU\pers\25604 
701 1 |a Максимова  |b Е. А. 
702 1 |a Ивашкина  |b Е. Н.  |4 727 
801 1 |a RU  |b 63413507  |c 20110826 
801 2 |a RU  |b 63413507  |c 20111116  |g RCR 
942 |c BK